=LDR 00000nam 2200000 4500 =001 INLIS000000000012105 =005 20130612103639 =008 ***********************************Ind** =035 ##$$0010-061300000012105 =041 ##$$a Ind =082 ##$$a 658.5 =090 ##$$a 658.5, Nit s =100 ##$$a Nitisemito, Alex s =245 ##$$a Sebab-sebab kegagalan Perusahaan, Alix S.Nitisemito =260 ##$$a 1979 $b Jakarta =300 ##$$a 31 hlm, 21 cm =650 ##$$a Management Produksi =850 ##$$a NBPNMAT